000 00281nam a2200109Ia 4500
005 20251222153545.0
008 251222s9999||||xx |||||||||||||| ||spa||
082 _a324.985/A81
245 0 _aDiez Preguntas, y un Colofón:
264 _bAsociación Civil Transparencia
942 _cLIB
999 _c30630
_d30630